00509nam a22001577a 450000500170000000800410001702000220005804100080008008200160008810000620010424500730016625000230023926000560026230000100031865000230032820251128115810.0251125b |||||||| |||| 00| 0 eng d a978-93-88022-90-3 aeng a615.3 SAN-T aSANSARE, VIPUL A. & KANAVAJE, ABHIJEET M AND UDDIN, REHAN aTEXTBOOK OF PHARMACEUTICS - II : For 2nd, year Diploma in Pharmacy  are, print ed, 2023 aNEW DELHI bINNOVATIVE PUBLICATIONS PVT, LTD c2023 a178;P aPHARMACYxD.PHARMA